| 000 | 00285nam a22000857a 4500 | ||
|---|---|---|---|
| 008 | 131218b xxu||||| |||| 00| 0 eng d | ||
| 020 |
_a812032174X _cAvailable |
||
| 245 |
_aGeographic Information Systems and Enviromental Modeling _cClarke Keith C |
||
| 260 |
_aNew Delhi India _bPrentice Hall _c2004 |
||
| 999 |
_c23560 _d23560 |
||